| 000 | 01054nam a22003377a 4500 | ||
|---|---|---|---|
| 999 |
_c200453610 _d71822 |
||
| 001 | 200453610 | ||
| 003 | TR-AnTOB | ||
| 005 | 20241119091315.0 | ||
| 007 | ta | ||
| 008 | 111115s2007 tu a j 000 j tur d | ||
| 020 | _a9789754991086 | ||
| 040 |
_aTR-AnTOB _beng _erda _cTR-AnTOB |
||
| 041 | 1 |
_atur _heng |
|
| 092 |
_a398.27 _bTHOn 2007 |
||
| 100 | 1 |
_aThomas, Claire. _eauthor |
|
| 245 | 1 | 0 |
_aNerede? = _bwhere is it? / _cClaire Thomas ; Çeviren: Mesude Atay ; Çizen: Esin Ersin. |
| 250 | _a3. baskı | ||
| 264 | 1 |
_aAnkara : _bKök Yayıncılık, _c2007. |
|
| 300 |
_a40 pages : _billustrations ; _c21 cm. |
||
| 336 |
_2rdacontent _atext _btxt |
||
| 337 |
_2rdamedia _aunmediated _bn |
||
| 338 |
_2rdacarrier _avolume _bnc |
||
| 490 | 0 | _aÖykü Dizisi | |
| 500 | _aKitap Türkçe ve İngilizce yazılmıştır. | ||
| 653 |
_aÇocuk edebiyatı _aÇocuk hikayeleri _aEğitici kitaplar |
||
| 700 | 1 |
_aAtay, Mesude. _etranslator |
|
| 700 | 1 |
_aErsin, Esin _9142519 |
|
| 942 |
_2ddc _cBK |
||